000 01137nam a22002775i 4500
001 11004
003 ES-MaACL
005 20250808062709.0
008 921216s1992 sp ||||0| spa
020 _a84-7914-072-0
080 _a98(=60)(082.2)
080 _a918(=60)(082.2)
245 0 0 _aEspaña y América al encuentro
_b: textos y documentos desde los cronistas de Indias a los escritores contemporáneos (1492-1992) /
_cedición preparada por Mª Enriqueta Soriano P.-Villamil, Pilar Maicas García-Asenjo y Mercedes Gómez del Manzano.
260 _aMadrid :
_bBiblioteca de Autores Cristianos,
_c1992.
300 _aXVI, 430 p. ;
_c20 cm.
490 1 _aBiblioteca de autores cristianos ;
_v522
504 _aBibliografía: p. [393]-416.
651 4 _aAmérica española-
_xHistoria.
_97723
651 _aAmérica española-
_xDescripción.
_9151191
700 1 _aSoriano Pérez-Villamil, María Enriqueta.
_9107399
700 1 _aMaicas, Pilar.
_975554
700 1 _aGómez del Manzano, Mercedes.
_957932
830 1 0 _aBiblioteca de autores cristianos
_v522
_9178679
852 _aES-MaACL
_jJ-509
999 _c11004
_d11004